| 000 | 00526nam a22001697a 4500 | ||
|---|---|---|---|
| 005 | 20251211125705.0 | ||
| 008 | 251211b |||||||| |||| 00| 0 eng d | ||
| 020 | _a9780323053532 | ||
| 050 |
_aRJ245 _b.W46 |
||
| 245 |
_aWong's Essentials of Pediatric Nursing _cedited by Marilyn J. Hockenberry & David Wilson |
||
| 250 | _a8th ed. | ||
| 260 |
_aSt. Louis _bMosby Elsevier _c2009 |
||
| 300 |
_axxxiii. 1245p. _bill. color _c28.5cm |
||
| 700 | _aHockenberry, Marilyn J. | ||
| 700 | _aWilson, David | ||
| 942 |
_2lcc _cBK _e8th ed. _n0 |
||
| 999 |
_c8549 _d8549 |
||